Zákonník práce

Salvato in:
Dettagli Bibliografici
Natura: Libro
Lingua:slovacco
Pubblicazione: Bratislava : Práca, 1989
Tags: Aggiungi Tag
Nessun Tag, puoi essere il primo ad aggiungerne!!

MARC

LEADER 00000nam a22000003a 4500
001 stu28549
005 20150408162448.7
008 950306s1989----xo------------------slo-d
040 |a STU  |b slo 
041 0 |a slo 
044 |a xo 
080 |a 331.106(094.5) 
080 |a 349.2(094.5)  |7 stu_us_auth*stu4025 
245 |a Zákonník práce 
260 |a Bratislava :  |b Práca,  |c 1989 
300 |a 323 s 
996 |c V*38411/O-16087  |l VV17  |s P  |a 0  |w stu28549_0001